000 01277nam0a2200349 4500
001 RU\NLR\bibl\1776857
005 20260409075747.0
010 _a978-5-413-00269-8
_91000
021 _aRU
_b2011-36169
_92582
035 _a(nilc)RSL-KNO-004945822
035 _a(NLR Aleph) 001767619
090 _a1617648
_c1617648
100 _a20110523d2011 |||y0rusy50 ca
101 0 _arus
102 _aRU
105 _aa |||||||||
200 1 _aУроки здоровья
_e2 класс
_eконспекты уроков
_fП.Л. Симкина
210 _aМосква
_cАмрита-Русь
_d2011
215 _a187 с.
_cил.
_d21
320 _aБиблиогр.: с. 187 (16 назв.)
606 _aДети младшего школьного возраста
_xВоспитание здорового образа жизни
_3RU\NLR\auth\661496737
_92526441
686 _aР128.94я7
_2rubbk
686 _aЧ421.354,01
700 1 _4070
_8rus
_7ca
_aСимкина
_bП. Л..
_f1939-
_gПолина Лазаревна
_3RU\NLR\auth\77122864
_9105789
801 0 _aRU
_bRuMoRKP
_c20110523
_grcr
801 1 _aRU
_bРГБ
_c20110523
801 2 _aRU
_bNLR
_c20110606
_grcr
830 _aАвт. по кн.
942 _cBOOK
980 _aNB
980 _aNBR